<?xml version="1.0" encoding="UTF-8"?><?xml-stylesheet type="text/xsl" href="static/style.xsl"?><OAI-PMH xmlns="http://www.openarchives.org/OAI/2.0/" xmlns:xsi="http://www.w3.org/2001/XMLSchema-instance" xsi:schemaLocation="http://www.openarchives.org/OAI/2.0/ http://www.openarchives.org/OAI/2.0/OAI-PMH.xsd"><responseDate>2026-04-13T04:05:36Z</responseDate><request verb="GetRecord" identifier="oai:www.recercat.cat:20.500.12327/1476" metadataPrefix="marc">https://recercat.cat/oai/request</request><GetRecord><record><header><identifier>oai:recercat.cat:20.500.12327/1476</identifier><datestamp>2025-10-22T11:17:34Z</datestamp><setSpec>com_2072_4428</setSpec><setSpec>com_2072_4427</setSpec><setSpec>col_2072_487898</setSpec></header><metadata><record xmlns="http://www.loc.gov/MARC21/slim" xmlns:dcterms="http://purl.org/dc/terms/" xmlns:xsi="http://www.w3.org/2001/XMLSchema-instance" xmlns:doc="http://www.lyncode.com/xoai" xsi:schemaLocation="http://www.loc.gov/MARC21/slim http://www.loc.gov/standards/marcxml/schema/MARC21slim.xsd">
   <leader>00925njm 22002777a 4500</leader>
   <datafield ind2=" " ind1=" " tag="042">
      <subfield code="a">dc</subfield>
   </datafield>
   <datafield ind2=" " ind1=" " tag="720">
      <subfield code="a">Marti, S.</subfield>
      <subfield code="e">author</subfield>
   </datafield>
   <datafield ind2=" " ind1=" " tag="720">
      <subfield code="a">Jelinski, M.D.</subfield>
      <subfield code="e">author</subfield>
   </datafield>
   <datafield ind2=" " ind1=" " tag="720">
      <subfield code="a">Janzen, E.D.</subfield>
      <subfield code="e">author</subfield>
   </datafield>
   <datafield ind2=" " ind1=" " tag="720">
      <subfield code="a">Jelinski, M.J.</subfield>
      <subfield code="e">author</subfield>
   </datafield>
   <datafield ind2=" " ind1=" " tag="720">
      <subfield code="a">Dorin, C.L.</subfield>
      <subfield code="e">author</subfield>
   </datafield>
   <datafield ind2=" " ind1=" " tag="720">
      <subfield code="a">Orsel, K.</subfield>
      <subfield code="e">author</subfield>
   </datafield>
   <datafield ind2=" " ind1=" " tag="720">
      <subfield code="a">Pajor, E.A.</subfield>
      <subfield code="e">author</subfield>
   </datafield>
   <datafield ind2=" " ind1=" " tag="720">
      <subfield code="a">Shearer, J.</subfield>
      <subfield code="e">author</subfield>
   </datafield>
   <datafield ind2=" " ind1=" " tag="720">
      <subfield code="a">Millman, S.T.</subfield>
      <subfield code="e">author</subfield>
   </datafield>
   <datafield ind2=" " ind1=" " tag="720">
      <subfield code="a">Schwartzkopf-Genswein, K.S.</subfield>
      <subfield code="e">author</subfield>
   </datafield>
   <datafield ind2=" " ind1=" " tag="260">
      <subfield code="c">2021-03-15</subfield>
   </datafield>
   <datafield ind2=" " ind1=" " tag="520">
      <subfield code="a">The objectives of this study were to determine the incidence proportion of lameness in feedlot cattle and the associated risk factors. Lameness was studied in two southern Alberta feedlots over a 2 yr period. The incidence proportion of lameness was 36.3% for all calves pulled for treatment. Risk factors associated (P &lt; 0.0001) with increased lameness included body weight (BW), type of cattle, source, stocking density, percentage of forage in the diet, season, precipitation 1 d before diagnosis, and average temperature range 3 d prior to diagnosis. As BW (P &lt; 0.001) increased, the odds of becoming lame also increased. Yearlings and Holsteins had greater (P &lt; 0.001) incidence of lameness than respiratory disease. The odds of becoming lame decreased (P &lt; 0.001) with increased pen density and percentage of forage in the diet. Lameness was greatest in spring (P &lt; 0.001) with the odds of becoming lame being more likely (P &lt; 0.001) with increased precipitation and temperature range (P &lt; 0.001). Use of a multifactorial approach including animal, managerial, and environmental factors in a single analysis will improve our understanding of the risk of increased lameness and aid in development of strategies to reduce its incidence in feedlots.</subfield>
   </datafield>
   <datafield ind1="8" ind2=" " tag="024">
      <subfield code="a">Marti, S., M.D. Jelinski, E.D. Janzen, M.J. Jelinski, C.L. Dorin, K. Orsel, E.A. Pajor, J. Shearer, S.T. Millman, and K.S. Schwartzkopf-Genswein. 2021. "A Prospective Longitudinal Study Of Risk Factors Associated With Cattle Lameness In Southern Alberta Feedlots | Canadian Journal Of Animal Science". Canadian Journal Of Animal Science 100 (4). doi:10.1139/cjas-2020-0128.</subfield>
   </datafield>
   <datafield ind1="8" ind2=" " tag="024">
      <subfield code="a">0008-3984</subfield>
   </datafield>
   <datafield ind1="8" ind2=" " tag="024">
      <subfield code="a">http://hdl.handle.net/20.500.12327/1476</subfield>
   </datafield>
   <datafield ind1="8" ind2=" " tag="024">
      <subfield code="a">https://doi.org/10.1139/cjas-2020-0128</subfield>
   </datafield>
   <datafield ind2="0" ind1="0" tag="245">
      <subfield code="a">A prospective longitudinal study of risk factors associated with cattle lameness in southern Alberta feedlots</subfield>
   </datafield>
</record></metadata></record></GetRecord></OAI-PMH>